00857nam a2200157Ia 4500008004100000082002100041100002100062245014300083260003700226365000600263630014300269730014300412942000900555999001900564952011600583100415s9999 xx 000 0 und d b10862a598.2(60) aARCHER, GEOFFREY aThe Birds of British Somaliland and the Gulf of Aden : Their Life Histiries, Breeding, Habits and Eggs Vol I and II: Accn. No. 10862 Vol I aLONDONc1937bGURNEY AND JACKSON b0 aThe Birds of British Somaliland and the Gulf of Aden : Their Life Histiries, Breeding, Habits and Eggs Vol I and II: Accn. No. 10862 Vol I aThe Birds of British Somaliland and the Gulf of Aden : Their Life Histiries, Breeding, Habits and Eggs Vol I and II: Accn. No. 10862 Vol I cBOOK c593788d593785 00104070aBNHSbBNHSd1998-02-03g0.00l0o598.2(60) 10862pBNHS-10862r2010-04-15 00:00:00w2010-04-15yBOOK